000 01237nam a22002657a 4500
999 _c331633
_d331633
003 BLK
005 20250325090819.0
008 190614b bu ||||| |||| 00| 0 bu d
020 _a978-954-733-988-0
040 _aBLK
041 _aBUL
_cBUL
080 _aАмериканска литература (на САЩ)
_b821.111(73)
_x-94
_z821.111(73)-94
100 _aРаймс, Шонда
_eпърви автор
_91299
139 _aРаймс, Шонда
_bР 48
245 _aГодината, в която казвах ДА
_cШонда Раймс ; прев. от англ. Стоянка Сербезова-Леви
260 _9209461
_aСофия
_bПрозорец
_c2018
300 _a296 с.
_c20 см
380 _aX
500 _aОриг. загл.: Year of yes / Shonda Rhimes. - Възприетата форма на името на прев. Стоянка Сербезова-Леви е Стоянка Минчева Сербезова. - Бележка за автора: с. 294-295
700 _9243864
_aСербезова, Стоянка Минчева
_eпрев. от англ.
852 _aЦб 295122
856 _i0.00
_ldisable
942 _cKNG
_n0
_s1
_02
944 _aCR
_k30531
_lЦветелина Шанова